00741nam a2200193 a 4500008004100000050001700041100002100058245006100079260003900140300000900179350000900188490004600197700002000243700002200263710001500285995010300300999001700403952012700420080924s2006 ||||||||||||||||| || u aIBRD(08)PRWP aEstache, Antonio10aUtilities reforms and corruption in Developing Countries aWashington, D.C.bWorld Bankc2006 a29p. a0.00 aWorld Bank policy research working papers aGoicoechea, Ana aTrujillo, Lourdes aWorld Bank D0.00FCBU-MAIN LIBRARY (Kitwe)H1I0.00M4081UAVAILABLEWSep 24, 2008ZInternational Publications c61193d61193 00102lcc4070a001b001cInternational Publicationsd2022-11-30l0oIBRD(08)PRWPpZ03002888r2022-11-30w2022-11-30y002